Egyptian Gods Quiz Stats

 Plays Quiz Updated Jan 6, 2020

Support Sporcle.
Go Orange.
Score 0/29 Timer 07:00
1 Play Today
Domain God(dess) % Correct
Sun GodRa
93.3%
Goddess of Simplicity, Nature & Magic; Protector of PharaohsIsis
72.1%
God of the Dead; Ruler of the UnderworldOsiris
71%
God of the Dead and EmbalmingAnubis
64.7%
God of Desert, Chaos and BalanceSet(h)
57.8%
God of the Sky; Protector of PharaohsHorus
56.2%
King of the GodsAmun
46.9%
Fertility Goddess of the CosmosBat
42.4%
God of Innundation (Flooding Nile)Hapy
41.8%
God of Writing and KnowledgeThoth
38.4%
Protection GoddessBast
37.8%
Goddess of the SkyNut
34.7%
God of the EarthGeb
33.2%
Mother Goddess of Joy; Personification of the Milky WayHathor
27.4%
God of CraftsmenPtah
26.3%
Domain God(dess) % Correct
Goddess of WarSekhmet
26%
God of the Air and PeaceShu
24.2%
God of the NileSobek
23.5%
Creator GodAtum
21.7%
Goddess of Truth, Justice and HarmonyMa'at
21.2%
God of Pregnant Women and FamilyBes
20.1%
God of Darkness and ChaosApep
17.9%
Protective Goddess of the DeadNephthys
17%
God of Creation and RebirthKhepri
15.4%
Creator God of the Nile and PottersKhnum
15.1%
Goddess of War and HuntingNeith
14.1%
Goddess of Water and FertilityTefnut
13.5%
Goddess of Wisdom, Writing and MeasuresSeshat
9%
God of WarMaahes
8.2%

From the Vault

Countries: After 'C'

by eyes355

We'll save you a few minutes. After 'C' comes 'D'.
Remove Ads.
Support Sporcle.
Get the best of Sporcle when you Go Orange. This ad-free experience offers more features, more stats, and more fun while also helping to support Sporcle. Thank you for becoming a member.

Show Comments

Extras

Top Quizzes Today


Score Distribution

Your Account Isn't Verified!

In order to create a playlist on Sporcle, you need to verify the email address you used during registration. Go to your Sporcle Settings to finish the process.

Report this User

Report this user for behavior that violates our Community Guidelines.

Details: